Microwave Devices and circuits, 3rd Ed (Record no. 473446)

000 -LEADER
fixed length control field 00417 a2200157 4500
082 ## - DEWEY DECIMAL CLASSIFICATION NUMBER
Classification number 621.3813 LIA
090 ## - LOCALLY ASSIGNED LC-TYPE CALL NUMBER (OCLC); LOCAL CALL NUMBER (RLIN)
-- 39721
-- 39721
100 ## - MAIN ENTRY--PERSONAL NAME
Personal name Samuel Y.Liao
245 ## - TITLE STATEMENT
Title Microwave Devices and circuits, 3rd Ed
Statement of responsibility, etc. Samuel Y. Liao
250 ## - EDITION STATEMENT
Edition statement 3rd
260 ## - PUBLICATION, DISTRIBUTION, ETC.
Place of publication, distribution, etc. New Delhi
Name of publisher, distributor, etc. Pearson
Date of publication, distribution, etc. 2009
300 ## - PHYSICAL DESCRIPTION
Extent 542p.
Other physical details Photostate
500 ## - GENERAL NOTE
General note BE Textbook Avionics
505 ## - FORMATTED CONTENTS NOTE
Formatted contents note AHQ Books
942 ## - ADDED ENTRY ELEMENTS (KOHA)
Institution code [OBSOLETE] NUST-CAE
Call number prefix 621.3813 LIA
Koha item type
Holdings
Withdrawn status Lost status Damaged status Not for loan Permanent Location Current Location Date acquired Total Checkouts Full call number Barcode Date last seen Price effective from Koha item type
        College of Aeronautical Engineering (CAE) College of Aeronautical Engineering (CAE) 03/30/2018   621.3813 LIA CAE82415 03/30/2018 03/30/2018 Book
        College of Aeronautical Engineering (CAE) College of Aeronautical Engineering (CAE) 03/30/2018   621.3813 LIA CAE82437 03/30/2018 03/30/2018 Book
        College of Aeronautical Engineering (CAE) College of Aeronautical Engineering (CAE) 03/30/2018   621.3813 LIA CAE82435 03/30/2018 03/30/2018 Book
© 2023 Central Library, National University of Sciences and Technology. All Rights Reserved.